Central Library OPAC University of Rajshahi

A history of savings banks / (Record no. 43564)

MARC details
000 -LEADER
fixed length control field 00674nam a2200229 a 4500
001 - CONTROL NUMBER
control field 43564
003 - CONTROL NUMBER IDENTIFIER
rucl marc code BD-RjUL
005 - DATE AND TIME OF LATEST TRANSACTION
control field 20211209053721.0
008 - FIXED-LENGTH DATA ELEMENTS--GENERAL INFORMATION
fixed length control field 160625r19491947enka 001 0 eng d
035 ## - SYSTEM CONTROL NUMBER
System control number (BD-RjUL)43682
System control number 671493
040 ## - CATALOGING SOURCE
Original cataloging agency ANL
Language of cataloging eng
Transcribing agency ANL
041 ## - LANGUAGE CODE
Language code of text/sound track or separate title eng
082 04 - DEWEY DECIMAL CLASSIFICATION NUMBER
Classification number 332.210941
Author mark and year HOH 1949
100 1# - MAIN ENTRY--PERSONAL NAME
Personal name Horne, H Oliver.
9 (RLIN) 133824
245 12 - TITLE STATEMENT
Title A history of savings banks /
Statement of responsibility, etc. by H. Oliver Horne.
260 ## - PUBLICATION, DISTRIBUTION, ETC. (IMPRINT)
Place of publication, distribution, etc. London :
Name of publisher, distributor, etc. Geoffrey Cumberlege, Oxford University Press,
Date of publication, distribution, etc. 1947 [Impression 1949]
300 ## - PHYSICAL DESCRIPTION
Pagination xii, 407 p. :
Illustrations ill. ;
Size 22 cm.
500 ## - GENERAL NOTE
General note Includes index
650 #0 - SUBJECT ADDED ENTRY--TOPICAL TERM
Topical term or geographic name as entry element Savings banks
Geographic subdivision Great Britain.
9 (RLIN) 133825
942 ## - ADDED ENTRY ELEMENTS (KOHA)
Source of classification or shelving scheme Dewey Decimal Classification
Koha item type Books
Holdings
Lost status Source of classification or shelving scheme Damaged status Not for loan Collection code Permanent Location Current Location Shelving location Date acquired Source of acquisition Cost, normal purchase price Total Checkouts Full call number Date last seen Copy number Koha item type
  Dewey Decimal Classification     Non-fiction Central Library, University of Rajshahi Central Library, University of Rajshahi   01/08/1955 O.U.P 10.80   332.210941 HOH 1949 25/06/2016 C-2 Books